000
00296nam a22001337a 4500
008
170927b xxu||||| |||| 00| 0 eng d
020
_a
2900495095803
041
_a
eng
080
_2
12TH
_a
37
100
_a
47
101
_a
EDU
245
_a
LOOKING OUT LOOKING IN
_c
ADLER,R.B
942
_2
udc
_c
BK
999
_c
30259
_d
30259